000 00950aas a2200217 4500
999 _c4167
_d4167
003 BR-BrBNA
005 20230317234026.0
007 ta
008 230119b bl ||||| |||| 00| 0 por d
035 _a000485-5
040 _aBR-BrBNA
_bSpa
_cBR-BrBNA
042 _aN
044 _abl
245 _aBoletin Informativo de los Recursos Forestales Nacionales
_bFAO
_cOrganizacion de las Naciones Unidas para la Agricultura y la Alimentacion
260 _aSantiago, CL
_bOficina Regional de la FAO para America Latina y el Caribe
_c1998. Data final de publicação em 2002
_eCL
270 _aPrograma Forestal Nacional; Av. Dag Hammarskjold 3241, Vitacura; Santiago, Chile; Teléfono: (56-2)337-2189; Fax: (56-2)337-2101/02/03; E-mail: Ignacio.Bustos@fao.org; Sitio: http://www.rlc.fao.org
310 _aperiodicidade desconchecida
505 _a1997 1(2-3); 1998 2(4); 2000 4(10); 2001 5(11,12); 2002 6(13,14);
909 _a56
_bSergio Santos
_c56
_dSergio Santos
942 _cCR
_2AGRIS